| 000 | 00000nam##2200000za#4500 |
| 001 | 9.559872 |
| 003 | CaOODSP |
| 005 | 20210624173106 |
| 007 | cr ||||||||||| |
| 008 | 150406|2005||||xxc|||||o f|0| 0 eng|d |
| 020 | |a0-662-41798-4 |
| 040 | |aCaOODSP|beng |
| 043 | |an-cn--- |
| 086 | 1 |aHS23-2/13-2005E-PDF |
| 110 | 1 |aCanada. |bHuman Resources and Skills Development Canada. |bLabour Program. |
| 245 | 10|aDeductions from wages|h[electronic resource] |
| 260 | |aGatineau - Quebec : |bHuman Resources and Skills Development Canada. |cc2005. |
| 300 | |a3p. |
| 490 | 1 |aInformation on labour standards|v13 |
| 500 | |aThe catalogue number (HS23-2/13-2005) and ISBN (0-662-69353-1) for the bilingual print edition have been incorrectly copied in this PDF version. |
| 520 | 3 |aThis plain language information sheet is part of a series for employers and employees that use a question-and-answer format to explain the provisions of Part III of the Canada Labor Code (Labour Standards). |
| 590 | |a10-05-Supp|b2010-07-20 |
| 690 | 07|aSalaries|2gcpds |
| 775 | 08|tRetenues sur le salaire|w(CaOODSP)9.592584 |
| 776 | 0#|tRetenues sur le salaire|w(CaOODSP)9.542221 |
| 776 | 0#|tDeductions from wages|w(CaOODSP)9.542220 |
| 830 | #0|aInformation on labour standards ;|v13|w(CaOODSP)9.504936 |
| 856 | 40|ahttp://publications.gc.ca|qPDF|s167 KB|uhttps://publications.gc.ca/collections/collection_2009/rhdcc-hrsdc/HS23-2-13-2005E.pdf|y13 |
| 986 | |aLT117-09-05 |